Sleep Token Songs - Initials - Statistics

General Stats
  • This quiz has been taken 101 times
  • The average score is 12 of 16
Answer Stats
Hint Answer % Correct
C Caramel
97%
A Alkaline
92%
TMBTE Take Me Back To Eden
92%
G Gethsemane
85%
V Vore
85%
J Jaws
80%
TS The Summoning
80%
TNDNBTG The Night Does Not Belong To God
78%
N Nazareth
71%
TLYW The Love You Want
69%
TO The Offering
62%
ML Missing Limbs
60%
FOE Fields of Elation
55%
LTW Look To Windward
54%
STYW Say That You Will
54%
IB Infinite Baths
52%
No matching quizzes found
Score Distribution
Percent of People with Each Score
Percentile by Number Answered
Your Score History
You have not taken this quiz